American Horror Story Season Subtitles Quiz Stats

 Plays Quiz Updated Sep 20, 2017

Challenge
Share
Tweet
Embed
Score 0/8 Timer 01:00
1 Play Today
% Correct
Coven
92.7%
Asylum
92.1%
Hotel
91.9%
Freak Show
91.8%
Murder House
83.8%
Cult
79.7%
Apocalypse
73.7%
Roanoke
58.9%

You're not logged in!

Compare scores with friends on all Sporcle quizzes.
OR
Log In

You Might Also Like...

Show Comments

Extras

Top Quizzes Today


Score Distribution

Your Account Isn't Verified!

In order to create a playlist on Sporcle, you need to verify the email address you used during registration. Go to your Sporcle Settings to finish the process.

Report this User

Report this user for behavior that violates our Community Guidelines.

Details: